Multiple Choice Video Game Picture Quiz - Zelda Breath of the Wild - Statistics

General Stats
  • This quiz has been taken 33 times
  • The average score is 9 of 10
Answer Stats
Question Answer % Correct
Who is the first person encountered in the game?
100%
Who is the leader of the Yigas, a former Sheikah tribe who pledged allegiance to Ganon?
100%
Who is the little brother of the Champion Mipha?
97%
Which one of these characters, represented in Amiibo, is NOT present in the game?
97%
Which people can we find all over Hyrule, hidden everywhere?
97%
Which one of these symbols correspond to the Stasis rune of the Sheikah Slate?
94%
Which one of these screenshots is NOT from the game?
94%
On which console the game HASN'T released?
90%
Which Champion piloted Vah'Medoh?
87%
Which one of these Divine Beasts is Vah'Rudania?
71%
No matching quizzes found
Score Distribution
Percent of People with Each Score
Percentile by Number Answered
Your Score History
You have not taken this quiz